Možnosti využívania a hodnotenia výkonnosti podniku poskytujúceho služby bakalárska práca

Na minha lista:
Detalhes bibliográficos
Autor principal: Švec, Alexander
Autor Corporativo: Podnikovohospodárska fakulta EU so sídlom v Košiciach. Katedra kvantitatívnych metód
Outros Autores: Chrobák, Marián, 1997-
Formato: Livro
Idioma:eslovaco
Publicado em: Košice 2024
Tags: Adicionar Tag
Sem tags, seja o primeiro a adicionar uma tag!

MARC

LEADER 00000nbm a2200000 4500
001 0301524
005 20250912093403.3
041 0 |a slo 
044 |a SK 
245 1 0 |a Možnosti využívania a hodnotenia výkonnosti podniku poskytujúceho služby  |b bakalárska práca  |c Alexander Švec ; školiteľ: Marián Chrobák 
264 1 |a Košice  |c 2024 
300 |a 48 s. 
100 1 |a Švec, Alexander 
700 1 |a Chrobák, Marián, 1997- 
710 2 |a Podnikovohospodárska fakulta EU so sídlom v Košiciach. Katedra kvantitatívnych metód